[Portrait of] Robert Collier Driver (Record no. 116388)
[ view plain ]
| 000 -LEADER | |
|---|---|
| fixed length control field | 00990ckm a22002415a 4500 |
| 001 - CONTROL NUMBER | |
| control field | L140607 |
| 008 - FIXED-LENGTH DATA ELEMENTS--GENERAL INFORMATION | |
| fixed length control field | 071001s1893 xxk eng u |
| 035 ## - SYSTEM CONTROL NUMBER | |
| System control number | (Sirsi) u140607 |
| 041 0# - LANGUAGE CODE | |
| Language code of text/sound track or separate title | eng |
| 100 1# - MAIN ENTRY--PERSONAL NAME | |
| Personal name | Artlett, R. W. |
| 245 01 - TITLE STATEMENT | |
| Title | [Portrait of] Robert Collier Driver |
| Medium | [graphic] |
| 260 ## - PUBLICATION, DISTRIBUTION, ETC. | |
| Date of publication, distribution, etc. | 1893 |
| 300 ## - PHYSICAL DESCRIPTION | |
| Extent | 1 item |
| Other physical details | b&w |
| Dimensions | 48 x 37 cm. |
| 340 ## - PHYSICAL MEDIUM | |
| Material base and configuration | Reproduction |
| 351 ## - ORGANIZATION AND ARRANGEMENT OF MATERIALS | |
| Hierarchical level | Single item |
| 500 ## - GENERAL NOTE | |
| General note | Item is a reproduction of a portrait of Robert Collier Driver which was presented to Mrs Driver in 1893 by the Land Surveyor's Club 'in kindly recognition of her husband's services as Treasurer and Honorary Secretary for upwards of 40 years'. |
| 500 ## - GENERAL NOTE | |
| General note | On the verso of the mount is written 'Permanent platinotype - R. W. Artlett, Alexandra Road, Richmond, Surrey'. |
| 500 ## - GENERAL NOTE | |
| General note | Library holds two copies, one of which is signed by Robert Collier Driver. |
| 600 14 - SUBJECT ADDED ENTRY--PERSONAL NAME | |
| Personal name | Driver, Robert Collier |
| 651 4# - SUBJECT ADDED ENTRY--GEOGRAPHIC NAME | |
| Geographic name | United Kingdom |
| Chronological subdivision | |
| 690 ## - LOCAL SUBJECT ADDED ENTRY--TOPICAL TERM (OCLC, RLIN) | |
| Topical term or geographic name as entry element | ABOUT RICS |
| 942 ## - ADDED ENTRY ELEMENTS (KOHA) | |
| Suppress in OPAC | 0 |
| Withdrawn status | Lost status | Source of classification or shelving scheme | Damaged status | Not for loan | Home library | Current library | Shelving location | Date acquired | Total Checkouts | Full call number | Barcode | Date last seen | Copy number | Price effective from | Koha item type |
|---|---|---|---|---|---|---|---|---|---|---|---|---|---|---|---|
| Dewey Decimal Classification | Historic collection | Historic collection | Historic collection | 01/10/2007 | MAP CABINET DRAWER 7 | 140607-2001 | 06/08/2019 | 1 | 06/08/2019 | Archive | |||||
| Dewey Decimal Classification | Historic collection | Historic collection | Historic collection | 01/10/2007 | MAP CABINET DRAWER 7 | 140607-2002 | 06/08/2019 | 2 | 06/08/2019 | Archive |